जरूरत है सही देखभाल की / (Record no. 167722)
[ view plain ]
| 000 -LEADER | |
|---|---|
| fixed length control field | 00905nam a22001937a 4500 |
| 005 - DATE AND TIME OF LATEST TRANSACTION | |
| control field | 20190917150707.0 |
| 010 ## - LCCN (DPL NO) | |
| LC control number | B-168869 |
| 020 ## - INTERNATIONAL STANDARD BOOK NUMBER | |
| Terms of availability | 125.00 |
| International Standard Book Number | |
| 037 ## - SOURCE OF ACQUISITION | |
| Source of stock number/acquisition | हिमाचल बुक्स |
| 082 ## - DEWEY DECIMAL CLASSIFICATION NUMBER | |
| Classification number | 613 |
| Edition number | 2005 |
| 100 ## - MAIN ENTRY--PERSONAL NAME | |
| Personal name | शर्मा, कर्मचन्द |
| 245 1# - TITLE STATEMENT | |
| Title | जरूरत है सही देखभाल की / |
| Statement of responsibility, etc | कर्मचन्द शर्मा |
| Medium | हिंदी |
| 260 ## - PUBLICATION, DISTRIBUTION, ETC. (IMPRINT) | |
| Place of publication, distribution, etc | दिल्ली |
| Name of publisher, distributor, etc | हिमाचल बुक्स |
| Date of publication, distribution, etc | 2005 |
| 270 ## - ADDRESS | |
| Address | ई 1/267,सोनिया विहार, |
| City | दिल्ली |
| Postal code | 110094 |
| Telephone number | |
| 300 ## - PHYSICAL DESCRIPTION | |
| Extent | 100पृ.: |
| Dimensions | 22सेमी (सजिल्द) |
| Other physical details | सचित्र |
| 700 ## - ADDED ENTRY--PERSONAL NAME | |
| Personal name | |
| 9 (RLIN) | 48488 |
| 942 ## - ADDED ENTRY ELEMENTS (KOHA) | |
| Item type | Hindi Books |
| Call number prefix | |
| Source of classification or shelving scheme | Dewey Decimal Classification |
| Classification part | 613 |
| Call number suffix | शर्माक |
| Withdrawn status | Lost status | Not for loan | Collection code | Home library | Current library | Date acquired | Cost, normal purchase price | Full call number | Barcode | Copy number | Cost, replacement price | Koha item type |
|---|---|---|---|---|---|---|---|---|---|---|---|---|
| Non-fiction | R.C.Libraries (zls) | Sarojini Nagar | 17/09/2019 | 125.00 | 613 शर्माक | B-168869 | 1 | 125.00 | Hindi Books |
